000 00601nam a2200193Ia 4500
008 231221s9999 xx 000 0 und d
020 _a9790000000000
041 _aEnglish
082 _a001.6424LIN BEC;14
100 _aBeck, Michael. Bohme,Harald. Dziadzka,Mirko...[et al.]
245 0 _aLinux kernel programming : algorithms and structures of version 2.4
250 _a3rd ed.
260 _c2002
_bDorling kindersley
_aNew Delhi
300 _axiv, 471
300 _c69910
500 _aContent page available.
650 _aLinux,kernel,programming,structures,version,2.4
942 _cCD
999 _c211776
_d211776